000 00323nam a22001337a 4500
003 OSt
005 20260512080216.0
008 260512b |||||||| |||| 00| 0 eng d
040 _cIRDP
082 _a320.6 MAK
100 _aHAGUE,CLIFF.
245 _aMAKING PLANNING WORK:A GUIDE TO APPROACHES AND SKILL
942 _2ddc
_cBOOKS
999 _c9760
_d9760